000 00710nam a2200265Ia 4500
003 OSt
005 20220918164748.0
006 a|||||r|||| 00| 0
007 ta
008 220917b |||||||| |||| 00| 0 eng d
020 _a0745625894 (hbk)
024 _a183,895
037 _cTextual
040 _aARTS
_cARTS
_beng
041 _2eng
_aeng
082 _aW, P0(SC)
100 _aMayall James
_920524
245 0 _aWorld politics
_b progress and its limits
260 _aCambridge
_bPolity press
_c2000
300 _axi;170p
_ccm.
490 _aThemes for the 21st century
650 _aPOLITICAL SCIENCE
942 _hW, P0(SC)
_cTEXL
_2CC
999 _c126394
_d126394